A2 pure mathematics (Record no. 84984)

MARC details
000 -LEADER
fixed length control field 00464nam a22001457a 4500
008 - FIXED-LENGTH DATA ELEMENTS--GENERAL INFORMATION
fixed length control field 240508b |||||||| |||| 00| 0 eng d
020 ## - INTERNATIONAL STANDARD BOOK NUMBER
International Standard Book Number 9780340888513
050 ## - LIBRARY OF CONGRESS CALL NUMBER
Classification number QA 37.2 Pur
100 ## - MAIN ENTRY--PERSONAL NAME
9 (RLIN) 2914
Personal name Berry, Catherine
245 ## - TITLE STATEMENT
Title A2 pure mathematics
Statement of responsibility, etc. / by Catherine Berry; Val Hanrahan; Roger Porkess; Peter Secker
250 ## - EDITION STATEMENT
Edition statement Third edition, 12th printing
260 ## - PUBLICATION, DISTRIBUTION, ETC.
Place of publication, distribution, etc. London :
Name of publisher, distributor, etc. Hodder Education,
Date of publication, distribution, etc. 2014
300 ## - PHYSICAL DESCRIPTION
Extent 415 pages : illustrations
942 ## - ADDED ENTRY ELEMENTS (KOHA)
Source of classification or shelving scheme
Holdings
Withdrawn status Lost status Source of classification or shelving scheme Damaged status Not for loan Collection code Home library Current library Shelving location Date acquired Source of acquisition Total Checkouts Full call number Barcode Date last seen Date last checked out Price effective from Koha item type
          Main Library Open Access Collection CBU-MAIN LIBRARY, KITWE. CBU-MAIN LIBRARY, KITWE. General Stacks 05/08/2024 Book Aid International 1 QA 37.2 Pur 743920 05/20/2024 05/08/2024 05/08/2024 MONOGRAPH